| 000 | 00000nam 2200000za 4500 |
| 001 | 9.837865 |
| 003 | CaOODSP |
| 005 | 20221107151237 |
| 007 | cr ||||||||||| |
| 008 | 170607s1975 oncad #o f000 0 fre d |
| 040 | |aCaOODSP|bfre |
| 041 | |afre|aeng |
| 043 | |an-cn--- |
| 086 | 1 |aR5-242/1975-PDF |
| 245 | 00|aEnrolment of registered Indian students |h[ressource électronique] : |btrend analysis and historical review from 1949-1950 to 1974-1975 = Inscriptions des écoliers Indiens : analyse des tendances et historique de 1949-1950 à 1974-1975. |
| 246 | 11|aInscriptions des écoliers Indiens : |banalyse des tendances et historique de 1949-1950 à 1974-1975 |
| 260 | |a[Ottawa?] : |bMinistère des Affaires indiennes et du Nord canadien, Division de la statistique du Ministère, |c1975. |
| 300 | |avi, 30, [6] p. : |bill., graphiques |
| 500 | |a« Le 7 Octobre 1975. » |
| 500 | |aÉdition numérisée de l’imprimé [par Affaires autochtones et du Nord Canada]. |
| 520 | |a« L’exposé historique des inscriptions d’élèves indiens, qui ont fréquentés les écoles fédérales et autres du Canada pour la période scolaire de 1949-1950 à 1974-1975 inclusivement, se trouve dans le présent rapport. » -- Preface. |
| 546 | |aTexte en français et en anglais. |
| 692 | 07|2gccst|aIndiens |
| 692 | 07|2gccst|aÉtudiant |
| 692 | 07|2gccst|aStatistiques |
| 710 | 1 |aCanada. |bAffaires indiennes et du Nord. |bDivision de la statistique du ministère. |
| 791 | |tEnrolment of registered Indian students |eeng|w(CaOODSP)9.837863 |
| 856 | 40|qPDF|s11.83 Mo|uhttps://publications.gc.ca/collections/collection_2017/aanc-inac/R5-242-1975.pdf |